| 000 | 00000nam##2200000za#4500 |
| 001 | 9.644079 |
| 003 | CaOODSP |
| 005 | 20210624224458 |
| 007 | cr ||||||||||| |
| 008 | 150407|2008||||xxc|||||o f|0| 0 fre|d |
| 040 | |aCaOODSP|bfre |
| 043 | |an-cn--- |
| 086 | 1 |aR5-24/2008F-PDF |
| 110 | 1 |aCanada.|bAffaires indiennes et du Nord. |
| 245 | 10|aÉvaluation du Programme de contribution de l'interlocuteur fédéral et de l'initiative Powley : gestion des droits autochtones des Métis : |h[ressource électronique]|brapport final / |c[publié par la] Direction générale de l'évaluation, de la mesure du rendement et de l'examen. |
| 260 | |aOttawa - Ontario : |bAffaires indiennes et du Nord |c25 février 2008. |
| 300 | |a45p.|btableaux |
| 590 | |a15-02-Supp|b2015-02-16 |
| 691 | 07|aDroits des autochtones|2gcpds |
| 691 | 07|aProgramme fédéral|2gcpds |
| 775 | 08|tEvaluation of the Federal Interlocutor's Contribution Program and Powley : management of Métis Aboriginal rights : |w(CaOODSP)9.700115 |
| 856 | 40|ahttp://publications.gc.ca|qPDF|s183 Ko|uhttps://publications.gc.ca/collections/collection_2014/aadnc-aandc/R5-24-2008-fra.pdf |
| 986 | |aSGGID #1305766 |